[Event "World Youth Girl U14 2016"]
[Site "Khanty-Mansiysk RUS"]
[Date "2016.10.01"]
[Round "9.6"]
[White "Solozhenkina, Elizaveta"]
[Black "Ulziikhishigjargal, Ochirkhuyag"]
[Result "0-1"]
[WhiteTitle "WFM"]
[WhiteElo "2320"]
[BlackElo "1888"]
[WhiteFideId "34106615"]
[BlackFideId "4903188"]
[EventDate "2016.09.22"]

1. e4 e5 2. Nf3 Nc6 3. d4 exd4 4. Nxd4 Nf6 5. Nxc6 bxc6 6. e5 Qe7 7. Qe2 Nd5 8.
c4 Ba6 9. Nd2 g6 10. Nf3 Qb4+ 11. Kd1 Qa4+ 12. Qc2 Qxc2+ 13. Kxc2 Nb4+ 14. Kc3
c5 15. a3 Nc6 16. Bg5 Bg7 17. Bf6 Bxf6 18. exf6 O-O 19. b4 cxb4+ 20. axb4 Bb7
21. h4 Nd8 22. h5 Ne6 23. Ne5 d6 24. Ng4 Nf4 25. f3 Nxh5 26. Bd3 Rfe8 27. Ra5
Nf4 28. Rg5 h5 29. Nh6+ Kf8 30. Rh4 Re5 31. Rg3 Nxd3 32. Kxd3 Ke8 33. f4 Re6 34.
Re3 Rxe3+ 35. Kxe3 Bxg2 36. f5 a5 37. Rh2 Bf1 38. Kd4 axb4 39. Rb2 Ra1 40. Kd5
Kd7 41. fxg6 Rd1+ 42. Ke4 Bd3+ 43. Ke3 Bxg6 44. Rxb4 Rf1 45. Ng8 h4 46. c5 h3
47. Rh4 Bf5 48. cxd6 cxd6 49. Ke2 Rc1 50. Kf2 Ke6 51. Ne7 Rc2+ 52. Kg1 d5 53.
Nxf5 Kxf5 54. Rh5+ Ke6 55. Rxh3 Kxf6 56. Kf1 Ke5 57. Re3+ Kf4 58. Re7 f5 59. Rd7
Ke4 60. Re7+ Kf3 61. Ke1 d4 62. Rf7 f4 63. Rd7 Ke3 64. Re7+ Kd3 65. Rf7 Re2+ 66.
Kf1 Re4 67. Ra7 Ke3 68. Ke1 f3 69. Ra3+ d3 70. Ra7 d2+ 71. Kd1 f2 72. Rf7 Rf4
73. Re7+ Kf3 0-1

[Event "World Youth Girl U14 2016"]
[Site "Khanty-Mansiysk RUS"]
[Date "2016.10.01"]
[Round "9.7"]
[White "Grigorieva, Yulia"]
[Black "Goltseva, Ekaterina"]
[Result "0-1"]
[BlackTitle "WFM"]
[WhiteElo "1923"]
[BlackElo "2212"]
[WhiteFideId "34104868"]
[BlackFideId "24173770"]
[EventDate "2016.09.22"]

1. d4 d5 2. c4 dxc4 3. Nf3 a6 4. a4 Nf6 5. e3 Bg4 6. Bxc4 e6 7. O-O Nc6 8. Nc3
Bd6 9. Be2 O-O 10. b3 Qe7 11. Bb2 Rad8 12. Nd2 Bxe2 13. Qxe2 e5 14. d5 Nb4 15.
e4 Nc2 16. Rac1 Nd4 17. Qd1 c6 18. dxc6 Nxc6 19. Nd5 Qe6 20. Nxf6+ Qxf6 21. Nc4
Ba3 22. Qe2 Bxb2 23. Qxb2 Rd4 24. f3 Rfd8 25. Qf2 Rd3 26. Ne3 Qg5 27. Nd5 Nd4
28. f4 exf4 29. Rcd1 Rxd1 30. Rxd1 Ne6 31. Qb6 f3 32. g3 h5 33. Qxb7 h4 34. Qe7
Rxd5 35. Qe8+ Kh7 36. exd5 Qe3+ 37. Kh1 Qe4 38. Kg1 Qe2 39. Rd2 Qe1# 0-1

[Event "World Youth Girl U14 2016"]
[Site "Khanty-Mansiysk RUS"]
[Date "2016.10.01"]
[Round "9.8"]
[White "Beydullayeva, Govhar"]
[Black "Palma, Maria"]
[Result "1-0"]
[WhiteTitle "WCM"]
[WhiteElo "1994"]
[BlackElo "1925"]
[WhiteFideId "13413015"]
[BlackFideId "898481"]
[EventDate "2016.09.22"]

1. d4 Nf6 2. c4 c5 3. d5 b5 4. cxb5 a6 5. b6 e6 6. Nc3 Nxd5 7. Nxd5 exd5 8. Qxd5
Nc6 9. Nf3 Bb7 10. Ne5 Nxe5 11. Qxb7 Rb8 12. Qe4 Qe7 13. Bf4 f6 14. b7 d6 15.
Bxe5 fxe5 16. Qc6+ Qd7 17. Qxd7+ Kxd7 18. e4 Rxb7 19. Bxa6 Rxb2 20. Bc4 Be7 21.
a4 Ra8 22. O-O Rb4 23. Bb5+ Kc7 24. Rfe1 Bg5 25. Rad1 Rb2 26. Rb1 Rxb1 27. Rxb1
Bd2 28. Kf1 Bb4 29. Ke2 Rf8 30. f3 Ra8 31. Kd3 Ra7 32. Kc4 Kd8 33. Kd5 Kc7 34.
Ke6 Bc3 35. Rb3 Ba1 36. Ra3 Bb2 37. Ra2 Bc3 38. Rc2 Ba1 39. Rd2 Bd4 40. Kd5 Bc3
41. Rd3 Ba1 42. Ke6 Bd4 43. Ra3 Bb2 44. Ra2 Bc3 45. g3 Be1 46. f4 exf4 47. gxf4
Bc3 48. e5 dxe5 49. fxe5 Kd8 50. Kd6 Bb4 51. Rb2 Ba3 52. Rb3 Bb4 53. e6 Re7 54.
Bd7 h6 55. a5 1-0

[Event "World Youth Girl U14 2016"]
[Site "Khanty-Mansiysk RUS"]
[Date "2016.10.01"]
[Round "9.9"]
[White "Filippova, Darya"]
[Black "Vinokur, Yuliya"]
[Result "0-1"]
[WhiteTitle "WFM"]
[WhiteElo "1888"]
[BlackElo "1956"]
[WhiteFideId "24173738"]
[BlackFideId "34127515"]
[EventDate "2016.09.22"]

1. c4 e5 2. Nc3 Nf6 3. Nf3 Nc6 4. d4 e4 5. Ng5 Bb4 6. e3 h6 7. Nh3 g5 8. Bd2
Bxc3 9. Bxc3 d5 10. Qb3 Ne7 11. Ng1 c6 12. h4 Rg8 13. hxg5 hxg5 14. Ne2 dxc4 15.
Qxc4 Be6 16. Qa4 Ned5 17. Ng3 Qd6 18. Bd2 Bd7 19. Qc2 Qe7 20. Bc4 Rc8 21. Rc1
Kd8 22. Qa4 a6 23. Ba5+ Ke8 24. Qb3 b5 25. Be2 Qd6 26. Rc5 Kf8 27. Bd2 Kg7 28.
Nh5+ Nxh5 29. Rxh5 f6 30. Bb4 Qb8 31. Rc1 Rh8 32. Rxh8 Rxh8 33. g3 Rh1+ 34. Kd2
Qh8 35. Ba5 Rh2 36. Rf1 Bh3 37. Rg1 Rxf2 38. Ke1 Rg2 39. Rxg2 Bxg2 40. Qa3 Qh2
41. Qd6 Qg1+ 42. Kd2 Qxe3+ 43. Kd1 Qxd4+ 44. Kc1 Qe3+ 45. Bd2 Qxe2 46. Qd7+ Kh6
47. Qe8 Qf1+ 48. Kc2 Ne3+ 49. Bxe3 Qd3+ 50. Kc1 Qxe3+ 51. Kc2 Qxg3 52. Qh8+ Kg6
53. Qe8+ Kf5 54. Qd7+ Kf4 55. Qd6+ Kg4 56. Qxf6 e3 57. Qe6+ Kf3 58. Qxc6+ Kf2
59. Qf6+ Qf4 60. Qb6 Qc4+ 0-1

[Event "World Youth Girl U14 2016"]
[Site "Khanty-Mansiysk RUS"]
[Date "2016.10.01"]
[Round "9.10"]
[White "Urh, Zala"]
[Black "Mishra, Anwesha"]
[Result "1/2-1/2"]
[WhiteTitle "WFM"]
[BlackTitle "WFM"]
[WhiteElo "1939"]
[BlackElo "1819"]
[WhiteFideId "14611481"]
[BlackFideId "35002767"]
[EventDate "2016.09.22"]

1. e4 e5 2. Nf3 d6 3. d4 exd4 4. Nxd4 Nf6 5. Nc3 Be7 6. Bf4 O-O 7. Qd2 c6 8.
O-O-O b5 9. f3 b4 10. Na4 Bd7 11. b3 d5 12. Nf5 Bxf5 13. exf5 Nfd7 14. Kb1 Nb6
15. f6 gxf6 16. Qf2 Nxa4 17. bxa4 Kh8 18. Bd3 f5 19. Bxf5 Nd7 20. Qg3 Rg8 21.
Qh3 Nf8 22. Qh5 Ng6 23. g4 Bf6 24. Rhg1 Bg7 25. g5 Bc3 26. Rg3 Rg7 27. Bd2 Qa5
28. Bc1 Qxa4 29. Bd3 Rb8 30. Qg4 Ne5 31. Qf4 Rb6 32. g6 Nxg6 33. Qg4 Rb8 34.
Rdg1 c5 35. h4 c4 36. Bxc4 dxc4 37. Qxc4 Qb5 38. Qe4 Re8 39. Qg4 Nf8 40. Qxg7+
Bxg7 41. Rxg7 Ng6 42. Bb2 Re5 43. Bxe5 Qxe5 44. Rxf7 a5 45. Rd1 Kg8 46. Ra7 Nf8
47. Ra8 Kg7 48. Rdd8 Ng6 49. Rd7+ Kh6 50. Raa7 Nxh4 51. Rxh7+ Kg6 52. Rag7+ Kf6
53. Rf7+ Kg6 54. Rhg7+ Qxg7 55. Rxg7+ Kxg7 56. Kb2 Nxf3 57. c3 Ne5 58. cxb4 axb4
59. Kb3 Nc6 60. a3 1/2-1/2

[Event "World Youth Girl U14 2016"]
[Site "Khanty-Mansiysk RUS"]
[Date "2016.10.01"]
[Round "9.11"]
[White "Grischenko, Kamila"]
[Black "Schulze, Lara"]
[Result "1-0"]
[BlackTitle "WFM"]
[WhiteElo "1839"]
[BlackElo "2034"]
[WhiteFideId "14147491"]
[BlackFideId "12956830"]
[EventDate "2016.09.22"]

1. e4 e6 2. d4 d5 3. Nc3 Bb4 4. e5 Ne7 5. Qg4 c5 6. a3 Bxc3+ 7. bxc3 Qc7 8. Bd3
cxd4 9. Ne2 dxc3 10. Qxg7 Rg8 11. Qxh7 Nbc6 12. f4 b6 13. Rg1 Bb7 14. h3 Rf8 15.
Bb5 O-O-O 16. Qd3 d4 17. g4 Ng6 18. Kf2 Kb8 19. Qg3 f6 20. exf6 Rxf6 21. f5 Rff8
22. Bxc6 Bxc6 23. Nf4 Ne5 24. Nxe6 Qd6 25. Bf4 1-0

[Event "World Youth Girl U14 2016"]
[Site "Khanty-Mansiysk RUS"]
[Date "2016.10.01"]
[Round "9.12"]
[White "Makhija, Aashna"]
[Black "Gomez Barrera, Javiera Belen"]
[Result "1/2-1/2"]
[BlackTitle "WFM"]
[WhiteElo "1830"]
[BlackElo "2027"]
[WhiteFideId "25011944"]
[BlackFideId "3418723"]
[EventDate "2016.09.22"]

1. e4 e5 2. Nf3 Nc6 3. Bc4 Bc5 4. O-O Nf6 5. d3 d6 6. c3 a6 7. a4 Ba7 8. Na3 O-O
9. Nc2 Be6 10. Bxe6 fxe6 11. Be3 Bxe3 12. Nxe3 h6 13. b4 Qe8 14. Kh1 Qf7 15. Nd2
d5 16. exd5 exd5 17. b5 Ne7 18. Nf3 Ng6 19. d4 exd4 20. Qxd4 Rae8 21. Nd2 Rd8
22. Rad1 axb5 23. axb5 Nh5 24. Nb3 Nhf4 25. Qd2 Ne5 26. Nd4 Qh5 27. Qc2 Kh8 28.
Rd2 c5 29. bxc6 bxc6 30. Qd1 Qg6 31. Ne2 Ned3 32. Nxf4 Nxf4 33. c4 Qe4 34. Rd4
Qe5 35. cxd5 cxd5 36. Qd2 Qh5 37. Qd1 Qe5 38. Qd2 Qh5 39. Qd1 Qg5 40. Qg4 Qxg4
41. Nxg4 Ne6 42. Rd2 d4 43. Ne5 Kh7 44. Rfd1 Rd5 45. Nd3 Rfd8 46. g3 1/2-1/2

[Event "World Youth Girl U14 2016"]
[Site "Khanty-Mansiysk RUS"]
[Date "2016.10.01"]
[Round "9.13"]
[White "Voskresenskaya, Marta"]
[Black "Ouellet, Maili-Jade"]
[Result "0-1"]
[BlackTitle "WCM"]
[WhiteElo "1835"]
[BlackElo "1992"]
[WhiteFideId "34127795"]
[BlackFideId "2620472"]
[EventDate "2016.09.22"]

1. d4 d5 2. c4 e6 3. cxd5 exd5 4. Nc3 Nf6 5. Bg5 Be7 6. Qc2 O-O 7. e3 c6 8. Bd3
Nbd7 9. Nge2 Re8 10. O-O Nf8 11. Nf4 h6 12. Bxf6 Bxf6 13. b4 Qd6 14. Nh5 Qxb4
15. Nxf6+ gxf6 16. Rab1 Qd6 17. Ne2 Ne6 18. Bf5 Re7 19. Ng3 Ng7 20. Bd3 Kh8 21.
Qe2 f5 22. Qf3 Qg6 23. Qf4 Be6 24. Rb2 Rg8 25. Rfb1 Bc8 26. Be2 Ne8 27. Bf3 Nd6
28. Rc1 Ne4 29. a4 a6 30. Rcc2 Qg5 31. Ne2 Qf6 32. g3 Nd6 33. Rb4 Nc4 34. Nc1
Qd6 35. Nd3 Qxf4 36. Nxf4 Be6 37. Be2 Nd6 38. Rb6 Kg7 39. Nd3 Nc4 40. Rb4 Bc8
41. Nc5 b6 42. Nd3 Bb7 43. Nf4 b5 44. Bd3 a5 45. Rb3 bxa4 46. Rbc3 Ba6 47. Bxf5
Rb8 48. Nd3 Kf6 49. Bg4 Rb1+ 50. Nc1 Ra1 51. Kg2 Rb7 52. e4 Rbb1 53. exd5 cxd5
54. Nd3 Rg1+ 55. Kh3 Bb7 56. Bf3 Kg5 57. Bg4 Rab1 58. Nc5 Bc6 59. Bf3 a3 60. Nd3
Bd7+ 61. g4 h5 62. Rxc4 Bxg4+ 0-1

[Event "World Youth Girl U14 2016"]
[Site "Khanty-Mansiysk RUS"]
[Date "2016.10.01"]
[Round "9.14"]
[White "Vanduyfhuys, Daria"]
[Black "Koroleva, Evgeniya"]
[Result "0-1"]
[WhiteElo "1810"]
[BlackElo "1970"]
[WhiteFideId "246336"]
[BlackFideId "34124010"]
[EventDate "2016.09.22"]

1. e4 c5 2. Nf3 e6 3. d4 cxd4 4. Nxd4 Nf6 5. Nc3 Nc6 6. Ndb5 Bb4 7. a3 Bxc3+ 8.
Nxc3 d5 9. exd5 exd5 10. Bd3 O-O 11. O-O d4 12. Ne2 Bg4 13. Bg5 Qd6 14. Qd2 Rfe8
15. Rfe1 Bxe2 16. Bf4 Qe7 17. Bxe2 Ne4 18. Qd3 Ng5 19. Bxg5 Qxg5 20. Qg3 Qa5 21.
Qb3 Re7 22. Qb5 Qd2 23. Qd3 Qg5 24. Bf1 Rae8 25. Rxe7 Rxe7 26. Rd1 h6 27. Qg3
Qh5 28. Qf3 Qg5 29. Qg3 Qa5 30. Qd6 Re6 31. Qd7 Re7 32. Qd6 Qg5 33. Qg3 Qf6 34.
Qf3 Qe5 35. Bd3 Qd6 36. Qf5 g6 37. Qh3 Kg7 38. Qg3 Qc5 39. h3 Qa5 40. Bf1 Qh5
41. Qf3 Qc5 42. Qd3 Qg5 43. Kh2 Qf6 44. Qf3 Qe5+ 45. Qg3 Qc5 46. Qd3 a5 47. Kg1
Qb6 48. Qb5 Qc7 49. Qc4 Qe5 50. Qd3 Qf6 51. Qf3 Qg5 52. Qg3 Qc5 53. Qd3 Re6 54.
Qc4 Qe7 55. Qb5 Re5 56. Qd3 Kh7 57. Qd2 Qc5 58. Be2 Qb6 59. Rb1 Ne7 60. Bf3 Nf5
61. Qd3 Qc7 62. Qb3 b5 63. Rd1 Kg7 64. Bg4 Qe7 65. Qd3 Re1+ 66. Rxe1 Qxe1+ 67.
Qf1 Qe5 68. Bxf5 Qxf5 69. Qd1 Qe4 70. Qd2 a4 71. Kf1 h5 72. Qe2 Qd5 73. Qd3 Qc5
74. Ke2 Qe5+ 75. Kd1 h4 76. c3 dxc3 77. Qxc3 Qxc3 78. bxc3 Kf6 79. Ke2 Ke5 80.
Ke3 Kd5 81. Kd3 g5 82. g4 Kc5 83. f3 Kd5 84. Kd2 Kc4 85. Kc2 f6 86. Kd2 Kb3 87.
Ke3 Kxa3 88. Ke4 Kb3 0-1

[Event "World Youth Girl U14 2016"]
[Site "Khanty-Mansiysk RUS"]
[Date "2016.10.01"]
[Round "9.15"]
[White "Sibajeva, Marija"]
[Black "Mangalam, Shreya B"]
[Result "1/2-1/2"]
[WhiteTitle "WCM"]
[WhiteElo "1913"]
[BlackElo "1739"]
[WhiteFideId "12807583"]
[BlackFideId "2085070"]
[EventDate "2016.09.22"]

1. e4 e5 2. Nf3 Nc6 3. Bc4 Bc5 4. b4 Bxb4 5. c3 Be7 6. Qb3 Nh6 7. d4 Na5 8. Qb5
Nxc4 9. Qxc4 d6 10. dxe5 Ng4 11. exd6 cxd6 12. h3 Ne5 13. Nxe5 dxe5 14. Qb5+ Bd7
15. Qxb7 O-O 16. O-O Be6 17. Ba3 Bxa3 18. Nxa3 Qg5 19. Kh1 Qh4 20. Kh2 Qf4+ 21.
Kg1 Qg5 22. Nc2 Rac8 23. Ne3 Rxc3 24. Rfc1 Ra3 25. Qb2 Ra6 26. Qe2 Ra3 27. Qb2
Ra6 28. Qe2 Ra4 29. Qc2 Ra6 30. Kh1 Qh4 31. Nf5 Bxf5 32. exf5 Rf6 33. Rab1 g6
34. fxg6 fxg6 35. f3 Kg7 36. Qc5 Qd4 37. Rb4 Qd6 38. Rb5 Qd2 39. Qc2 Qf4 40. Re1
Rf5 41. Re4 Qg3 42. Qe2 Rc8 43. Qe1 Qg5 44. Qe3 Rc1+ 45. Kh2 Rc2 46. Qxg5 Rxg5
47. Rg4 Rxg4 48. hxg4 Rxa2 49. Rxe5 a5 1/2-1/2

[Event "World Youth Girl U14 2016"]
[Site "Khanty-Mansiysk RUS"]
[Date "2016.10.01"]
[Round "9.16"]
[White "Aciu, Malina-Andreea"]
[Black "Alekseenko, Mariya"]
[Result "1-0"]
[WhiteElo "1876"]
[BlackElo "1643"]
[WhiteFideId "1240323"]
[BlackFideId "44172729"]
[EventDate "2016.09.22"]

1. e4 c5 2. Nf3 e6 3. d4 cxd4 4. Nxd4 a6 5. Bd3 Qc7 6. c4 Nf6 7. O-O g6 8. Nc3
Bg7 9. Be3 d6 10. Qe2 Nbd7 11. Rad1 b6 12. f4 Bb7 13. Bb1 Rc8 14. b3 O-O 15. Rc1
Qb8 16. Rfe1 Qa8 17. Bf2 Rfd8 18. h3 Nh5 19. f5 e5 20. fxg6 hxg6 21. Nf3 Nf4 22.
Qd2 Nc5 23. Nd5 Bxd5 24. exd5 f5 25. Be3 Bh6 26. Kh2 Ne4 27. Bxe4 fxe4 28. Nh4
Kh7 29. g3 Nd3 30. Bxh6 Nxc1 31. Qxc1 Qb7 32. Rxe4 Qf7 33. Be3 b5 34. Rg4 Rg8
35. Ng2 Qf3 36. Qa3 bxc4 37. Qxd6 1-0

[Event "World Youth Girl U14 2016"]
[Site "Khanty-Mansiysk RUS"]
[Date "2016.10.01"]
[Round "9.17"]
[White "Puppi Lazo, Stephanie Beatriz"]
[Black "Zahedifar, Anahita"]
[Result "0-1"]
[BlackTitle "WFM"]
[WhiteElo "1710"]
[BlackElo "2081"]
[WhiteFideId "3826104"]
[BlackFideId "12560715"]
[EventDate "2016.09.22"]

1. e4 c6 2. c4 d5 3. exd5 cxd5 4. d4 Nf6 5. Nc3 e6 6. Nf3 Bb4 7. Bd3 Nc6 8. O-O
O-O 9. Bg5 Be7 10. Re1 h6 11. Bh4 b6 12. cxd5 Nxd5 13. Bg3 Bf6 14. Nxd5 exd5 15.
Bb5 Bb7 16. Rc1 Qd7 17. Qa4 Rfc8 18. Be5 a6 19. Bxc6 Bxc6 20. Qb3 Bd8 21. Qe3
Bb5 22. Bg3 f6 23. Nh4 Rxc1 24. Rxc1 Rc8 25. Rc3 Rc6 26. h3 Re6 27. Qc1 Qe8 28.
Nf3 Be2 29. Kh2 b5 30. Bc7 b4 31. Rc5 Be7 32. Rxd5 Qa8 33. Ra5 Bxf3 34. gxf3 Rc6
35. Qf4 Qc8 36. Bb8 Rb6 37. Bc7 Rc6 38. Bb8 Qd8 39. d5 Rd6 40. Qxb4 Rb6 41. Qc4
Qxb8+ 42. Kg2 Qd6 43. a3 Bd8 44. Rc5 Rxb2 45. Rc6 Qd7 46. d6+ Kh7 47. Rxa6 Bb6
48. Qe4+ f5 49. Qe5 Rb3 50. a4 Qf7 51. a5 Bd8 52. Ra8 Qg6+ 53. Kf1 Bf6 54. Qd5
Rb1+ 55. Ke2 Rb2+ 56. Kf1 Rb1+ 57. Ke2 Rb2+ 58. Kd3 Qh5 59. h4 Qxh4 60. Qxf5+ g6
61. Ra7+ Bg7 62. Qe5 Rb3+ 63. Ke2 Qc4+ 64. Kd2 Qd3+ 0-1

[Event "World Youth Girl U14 2016"]
[Site "Khanty-Mansiysk RUS"]
[Date "2016.10.01"]
[Round "9.18"]
[White "Dongo, Melanie"]
[Black "Tharushi, T H D Niklesha"]
[Result "1/2-1/2"]
[WhiteElo "1981"]
[BlackElo "1584"]
[WhiteFideId "3813444"]
[BlackFideId "9918264"]
[EventDate "2016.09.22"]

1. e4 c5 2. Nf3 d6 3. d4 cxd4 4. Nxd4 Nf6 5. Nc3 g6 6. Be3 Bg7 7. f3 O-O 8. Bc4
Nc6 9. Qd2 Bd7 10. O-O-O Rc8 11. Bb3 Ne5 12. g4 b5 13. h4 Qa5 14. h5 Nc4 15.
Bxc4 Rxc4 16. hxg6 fxg6 17. Kb1 b4 18. Nce2 Rfc8 19. Rc1 Bxg4 20. Nb3 Qa4 21.
fxg4 R4c6 22. c3 Ra6 23. Kc2 e6 24. Qd3 bxc3 25. Nxc3 Nxe4 26. Kd1 Nxc3+ 27.
bxc3 Qxa2 28. Nd4 e5 29. Nf3 Ra5 30. Bd2 Qa4+ 31. Qc2 Qxg4 32. Qb3+ Rc4 33. Rf1
Rc5 1/2-1/2

[Event "World Youth Girl U14 2016"]
[Site "Khanty-Mansiysk RUS"]
[Date "2016.10.01"]
[Round "9.19"]
[White "Nomindalai, Tumurbaatar"]
[Black "Swiech, Joanna"]
[Result "0-1"]
[WhiteTitle "CM"]
[WhiteElo "1757"]
[BlackElo "1962"]
[WhiteFideId "4904095"]
[BlackFideId "1183486"]
[EventDate "2016.09.22"]

1. d4 e6 2. Nf3 b6 3. Bg5 Be7 4. Bxe7 Nxe7 5. e3 Bb7 6. Bd3 O-O 7. Nbd2 h6 8.
O-O d6 9. Rc1 Nd7 10. c3 c5 11. Bb1 d5 12. Qc2 Nf6 13. Ne5 Re8 14. Qb3 c4 15.
Qc2 b5 16. b3 Rc8 17. a4 a6 18. Ba2 Bc6 19. axb5 axb5 20. bxc4 bxc4 21. Ra1 Ra8
22. Rfb1 Qc7 23. Ndf3 Ra3 24. Nd2 Rea8 25. Rb2 Qa7 26. Qc1 Qc7 27. Qc2 Qa7 28.
Qc1 g6 29. Qd1 Kg7 30. Qc1 Qa6 31. Nef3 Bd7 32. Ne1 Nc6 33. Nc2 Ra4 34. Rbb1 Ra7
35. Rb2 Qa5 36. Nb1 Ne4 37. Qe1 Qd8 38. f3 Nd6 39. Nd2 Qa8 40. Qb1 R7a6 41. Nf1
Ra7 42. Ng3 Nb7 43. Nb4 Nca5 44. Nc6 Nxc6 45. Ne2 R7a6 0-1

[Event "World Youth Girl U14 2016"]
[Site "Khanty-Mansiysk RUS"]
[Date "2016.10.01"]
[Round "9.20"]
[White "Barmagambetova, Sakypzhama"]
[Black "Bechvaia, Maia"]
[Result "1-0"]
[WhiteElo "1744"]
[BlackElo "1848"]
[WhiteFideId "13723103"]
[BlackFideId "13613294"]
[EventDate "2016.09.22"]

1. d4 d5 2. Nf3 Nf6 3. c4 c6 4. Nc3 a6 5. a4 Bg4 6. Qb3 Bxf3 7. exf3 b6 8. g3 e6
9. Bg2 Bd6 10. O-O O-O 11. cxd5 Nxd5 12. f4 Nd7 13. f5 Qf6 14. fxe6 fxe6 15. Ne4
Qe7 16. Bg5 N7f6 17. Nxf6+ gxf6 18. Bh6 Rfb8 19. Rfe1 f5 20. Rac1 Qe8 21. Qc2
Rc8 22. Qe2 Kf7 23. Qh5+ Ke7 24. Qxf5 Qg6 25. Bh3 Nc7 26. Qxg6 hxg6 27. Rxc6 Kd7
28. Bg2 Nd5 29. Rxc8 Rxc8 30. Rxe6 Ne7 31. Bh3 Kc7 32. Rxe7+ Bxe7 33. Bxc8 Kxc8
34. Kg2 Bf6 35. Be3 Kd7 36. f4 1-0

[Event "World Youth Girl U14 2016"]
[Site "Khanty-Mansiysk RUS"]
[Date "2016.10.01"]
[Round "9.21"]
[White "Beshukova, Alina"]
[Black "Akulova, Alicia"]
[Result "1-0"]
[WhiteElo "1820"]
[BlackElo "1563"]
[WhiteFideId "24164828"]
[BlackFideId "242861"]
[EventDate "2016.09.22"]

1. c4 c5 2. g3 Nf6 3. Nc3 e6 4. e4 d6 5. Bg2 Nc6 6. Nge2 a6 7. O-O Be7 8. d3 O-O
9. h3 Nd4 10. Be3 e5 11. f4 Rb8 12. a4 Ne8 13. Nd5 Nc7 14. Nec3 Nxd5 15. Nxd5 b5
16. Bxd4 cxd4 17. axb5 axb5 18. Ra7 Rb7 19. Rxb7 Bxb7 20. Nxe7+ Qxe7 21. b3 f5
22. exf5 Bxg2 23. Kxg2 Rxf5 24. fxe5 Rxf1 25. Qxf1 dxe5 26. Qf3 bxc4 27. bxc4 h6
28. Qd5+ Kh8 29. c5 Qg5 30. Qa8+ Kh7 31. Qe4+ Kg8 32. h4 Qd2+ 33. Kh3 Qd1 34. c6
Qf1+ 35. Kg4 Qd1+ 36. Kf5 Qf1+ 37. Kxe5 Qf6+ 38. Kd5 Qd8+ 39. Kc4 Qc7 40. Qe6+
Kf8 41. Qd7 Qa5 42. c7 Qc3+ 43. Kd5 Qa5+ 44. Kxd4 Qb6+ 45. Ke4 Qb4+ 46. Kf3 Qb7+
47. Kg4 h5+ 48. Kg5 1-0

[Event "World Youth Girl U14 2016"]
[Site "Khanty-Mansiysk RUS"]
[Date "2016.10.01"]
[Round "9.23"]
[White "Nestorovic, Katarina"]
[Black "Sahin, Hayrun Nisa"]
[Result "1-0"]
[WhiteElo "2017"]
[BlackElo "1725"]
[WhiteFideId "954632"]
[BlackFideId "6380875"]
[EventDate "2016.09.22"]

1. e4 c5 2. Nf3 g6 3. d4 cxd4 4. Nxd4 Bg7 5. Nc3 Nc6 6. Nb3 Nf6 7. Be2 O-O 8.
O-O d6 9. Re1 Be6 10. Bf1 Rc8 11. Nd5 Ne5 12. c3 Nc4 13. Bxc4 Rxc4 14. Qd3 Bxd5
15. exd5 Rc7 16. Be3 b6 17. f3 Qa8 18. Red1 Nd7 19. a4 Ne5 20. Qe2 Nc4 21. Bd4
Bh6 22. Bf2 Qb7 23. Nd4 Bg7 24. Nc6 Na5 25. Nxa5 bxa5 26. Qb5 Rfc8 27. Rdb1 a6
28. Qxa5 Rc5 29. Bxc5 Rxc5 30. Qb4 Qxd5 31. Rd1 Qc6 32. Qe4 Qb6 33. Kh1 Bf6 34.
Rab1 a5 35. Rd5 Rxd5 36. Qxd5 Bxc3 37. Qb5 Bd4 38. Qxb6 Bxb6 39. b4 axb4 40.
Rxb4 Bc5 41. Rb8+ Kg7 42. a5 d5 43. Rb5 1-0

[Event "World Youth Girl U14 2016"]
[Site "Khanty-Mansiysk RUS"]
[Date "2016.10.01"]
[Round "9.24"]
[White "Skaslien, Ingrid"]
[Black "Kvendseth, Thyra"]
[Result "1/2-1/2"]
[WhiteElo "1588"]
[BlackElo "1745"]
[WhiteFideId "1520660"]
[BlackFideId "1520628"]
[EventDate "2016.09.22"]

1. d4 d5 2. c4 e6 3. cxd5 exd5 4. Nc3 Nf6 5. Bg5 Be7 6. e3 O-O 7. Bd3 h6 8. Bh4
Re8 9. Qb3 c6 10. Nf3 Nbd7 11. O-O Ne4 12. Bxe7 Qxe7 13. Qc2 Ndf6 14. Ne5 Ng4
15. Nxg4 Bxg4 16. h3 Bh5 17. Nxe4 dxe4 18. Be2 Bxe2 19. Qxe2 Qg5 20. Rac1 Re6
21. Rc5 f5 22. Qc4 Re8 23. Re5 Qf6 24. Rxe6 Qxe6 25. Qxe6+ Rxe6 26. Rc1 b6 27.
Kh2 Kf7 28. g4 Kf6 29. Kg3 g5 30. Rc3 1/2-1/2

[Event "World Youth Girl U14 2016"]
[Site "Khanty-Mansiysk RUS"]
[Date "2016.10.01"]
[Round "9.25"]
[White "Pandey, Ritika"]
[Black "Bellahcene, Meriem"]
[Result "0-1"]
[WhiteElo "1641"]
[BlackElo "1729"]
[WhiteFideId "30903670"]
[BlackFideId "20655347"]
[EventDate "2016.09.22"]

1. e4 c5 2. Nf3 Nc6 3. d4 cxd4 4. Nxd4 g6 5. c4 Bg7 6. Be3 Nf6 7. Nc3 d6 8. Be2
O-O 9. Qd2 Bd7 10. O-O Nxd4 11. Bxd4 Bc6 12. f3 Nd7 13. Be3 a5 14. b3 Nc5 15.
Rfc1 Be5 16. Rab1 e6 17. Bf1 f5 18. exf5 Rxf5 19. f4 Bg7 20. a3 a4 21. bxa4 Nxa4
22. Nb5 Bxb5 23. Rxb5 Rxb5 24. cxb5 Nb6 25. Qd3 Nd5 26. Qe4 Qd7 27. Bc4 Ra4 28.
Qd3 Nxe3 29. Qxe3 d5 30. Qd3 Qc7 31. Qe3 Rxc4 32. Qxe6+ Qf7 33. Qe1 Rxc1 34.
Qxc1 Qd7 35. a4 h6 36. h3 d4 37. b6 d3 38. Qc7 Qd4+ 39. Kh2 d2 0-1

[Event "World Youth Girl U14 2016"]
[Site "Khanty-Mansiysk RUS"]
[Date "2016.10.01"]
[Round "9.26"]
[White "Tomcikova, Dominika"]
[Black "Smbatyan, Qristine"]
[Result "1/2-1/2"]
[WhiteElo "1713"]
[BlackElo "1506"]
[WhiteFideId "14935554"]
[BlackFideId "13308319"]
[EventDate "2016.09.22"]

1. e4 c5 2. Nc3 e6 3. g3 g6 4. Bg2 Bg7 5. d3 Ne7 6. Be3 d6 7. Qd2 O-O 8. Bh6
Nbc6 9. Bxg7 Kxg7 10. h4 f6 11. h5 g5 12. h6+ Kh8 13. f4 g4 14. O-O-O d5 15. Qe2
Rg8 16. exd5 exd5 17. Qf2 Qa5 18. Nxd5 Nxd5 19. Bxd5 Rd8 20. Bb3 Nd4 21. Ne2
Nxb3+ 22. axb3 Be6 23. Nc3 Rac8 24. f5 Bd5 25. Nxd5 Rxd5 26. Qe2 Qa1+ 27. Kd2
Qxb2 28. Qxg4 Rg8 29. Qf3 Rgd8 30. Rhe1 Rxd3+ 31. Qxd3 Rxd3+ 32. Kxd3 Qd4+ 33.
Ke2 Qe5+ 34. Kd2 Qd4+ 35. Ke2 Qe4+ 36. Kf2 Qxf5+ 37. Kg1 Kg8 38. Re7 Kf8 39.
Rxb7 Ke8 40. Rxa7 c4 41. Re1+ Kf8 42. Ree7 Qxc2 43. Rf7+ Ke8 44. Rfe7+ Kf8 45.
Rf7+ 1/2-1/2

[Event "World Youth Girl U14 2016"]
[Site "Khanty-Mansiysk RUS"]
[Date "2016.10.01"]
[Round "9.27"]
[White "Oberholzer, Imarie"]
[Black "Koubova, Anna Marie"]
[Result "1-0"]
[WhiteTitle "WFM"]
[WhiteElo "1512"]
[BlackElo "1822"]
[WhiteFideId "14306506"]
[BlackFideId "381470"]
[EventDate "2016.09.22"]

1. e4 c5 2. Nc3 d6 3. f4 g6 4. Nf3 Bg7 5. Bb5+ Bd7 6. Bxd7+ Qxd7 7. d3 Nc6 8.
O-O Nf6 9. Qe1 O-O 10. f5 Rac8 11. Qh4 Nd4 12. Bh6 Nxf3+ 13. Rxf3 e6 14. Raf1
Qd8 15. Bg5 h6 16. Bxh6 Nh5 17. Bg5 Qb6 18. f6 Bh8 19. g4 Qxb2 20. Nd1 1-0